00892pam a2200265 a 4500001001000000003000300010005001700013008004100030020004100071040003400112050001400146100002600160245007100186260002900257300005100286336002600337337002800363338002700391504005100418650004100469650002600510650002900536700002700565700003400592015874596Uk20260210144058.0110817s2014 enkab b 001 0 eng d a9780857023988 (Paperback.) c£22.99 aStDuBDSbengcNUSTdNUSTerda aJS171 URB aMark Davidsoneeditor00aUrban politics :bcritical approaches /cedited by Mark Davidson . aLondon :bSAGE,c©2014. axiv, 235 pages :billustrations, maps ;c25 cm atext2rdacontentbtxt aunmediated2rdamediabn avolume2rdacarrierbnc aIncludes bibliographical references and index. 0aCities and townsxPolitical aspects. 0aMunicipal government. 0aMetropolitan government.1 aDavidson, Mark,d1979-1 aMartin, Deborahc(Geographer)